Languages: Countries from Hungarian to English - Statistics

General Stats
  • This quiz has been taken 234 times
  • The average score is 14 of 16
Answer Stats
Country in Hungarian And in English % Correct
Dánia Denmark
99%
Finnország Finland
99%
Franciaország France
99%
Spanyolország Spain
99%
Egyiptom Egypt
98%
Norvégia Norway
98%
Svédország Sweden
98%
Kína China
97%
Magyarország Hungary
96%
Törökország Turkey
84%
Lettország Latvia
83%
Egyesült Államok United States
83%
Svájc Switzerland
78%
Oroszország Russia
74%
Olaszország Italy
70%
Lengyelország Poland
64%
No matching quizzes found
Score Distribution
Percent of People with Each Score
Percentile by Number Answered
Your Score History
You have not taken this quiz